Filosofía de la historia

Guardat en:
Dades bibliogràfiques
Autor principal: Kant, Immanuel (autor)
Format: Llibre
Idioma:espanyol
Publicat: Ciudad de México Fondo de Cultura Económica 1979
Edició:2a. ed
Col·lecció:Colección Popular 147
Matèries:
Etiquetes: Afegir etiqueta
Sense etiquetes, Sigues el primer a etiquetar aquest registre!

MARC

LEADER 00000cam a2200000 a 4500
001 UCR6915
003 CL-VaPUC
005 20220421114851.0
008 980424e19790000MX |||||||||||||||||spa|d
999 |c 268806  |d 268804 
020 |a 9789681601904 
040 |c Pontificia Universidad Católica de Valparaíso 
082 0 4 |a 901  |b KAN  |2 21 
100 |a Kant, Immanuel  |e autor  |9 868690 
245 1 0 |a Filosofía de la historia 
250 |a 2a. ed 
260 |a Ciudad de México  |b Fondo de Cultura Económica  |c 1979 
300 |a 147 p 
490 0 |a Colección Popular 147 
583 |a last modification  |c 20150908 02:01:51  |k Rodrigo Vera 
650 0 |a Filosofía de la historia  |9 265651 
650 0 |a Historiografía   |9 257871 
852 |a BIBCUR 
942 |c BK  |2 ddc 
945 |d 19980424 00:00:00  |a rbrito 
952 |0 0  |1 0  |4 0  |6 901_000000000000000_KAN_1979  |7 0  |8 A  |9 302209  |a BIBART  |b BIBART  |d 2019-11-20  |i 3420477  |o 901 KAN 1979  |p 3420477  |r 2025-03-13  |w 2019-11-20  |y BK  |k ART 
952 |0 0  |1 0  |3 erb  |4 0  |6 901_000000000000000_KAN_1979  |7 0  |8 A  |9 302210  |a BIBEDU  |b BIBEDU  |i 5198070  |o 901 KAN 1979  |p 5198070  |r 2019-11-20  |w 2019-11-20  |y BK  |z Catalogado en:20150911  |k FIL 
952 |0 0  |1 0  |3 erb  |4 0  |6 901_000000000000000_KAN_1979  |7 0  |8 A  |9 302211  |a FDOHBE  |b FDOHBE  |e Huesbe Llanos, Marco Antonio, 1934-  |i 5304237  |o 901 KAN 1979  |p 5304237  |r 2024-01-30  |w 2019-11-20  |y BK  |z Catalogado en:20160520  |k HBE